Cálculo 1 /
Guardado en:
| Autor Principal: | |
|---|---|
| Formato: | Libro |
| Idioma: | Spanish |
| Publicado: |
Buenos Aires :
Nueva Librería,
c1983.
|
| Etiquetas: |
Agregar Etiqueta
Sin Etiquetas, Sea el primero en etiquetar este registro!
|
| LEADER | 00733nam a22001935a 4500 | ||
|---|---|---|---|
| 001 | MAT.inmabb006911 | ||
| 008 | 160106s1983####ag#a##########001#0#spa#d | ||
| 005 | 20160106201403.0 | ||
| 245 | 1 | 0 | |a Cálculo 1 / |c Vera W. de Spinadel. |
| 260 | |a Buenos Aires : |b Nueva Librería, |c c1983. | ||
| 300 | |a 337 p. : |b il. ; |c 22 cm. | ||
| 500 | |a Acompañado por: Suplemento del Cálculo 1 (soluciones a los ejercicios del texto, publicado en 1984). | ||
| 020 | |a 9509088072 | ||
| 020 | |a 9509088102 (suplemento) | ||
| 100 | 1 | |a Spinadel, Vera W. de. | |
| 700 | 1 | |a Spinadel, Vera W. de. |t Suplemento del Cálculo 1. | |
| 084 | |a 26-01 (26Axx) |2 msc2000 | ||
| 859 | |h 26 |i Sp757 |p A-5675 |b BIB. MATEMATICA | ||
| 859 | |h 26 |i Sp757 |p A-5676 |v Sup |3 Suplemento |b BIB. MATEMATICA | ||
